1242 1241 1714 1121 1874 1738 1519 1420 1448 1212 1600 1921 1050 1007 1058 1485 1183 1573 1735 1938 1010 1336 1021 1229 1977 1196 1419 1054 1512 1571 1687 1872 1784 1767 1139 1127 1379 1679 1219 1869 1348 1772 1181 1237 1889 1264 1865 1446 1580 1166 1917 1869 1757 1696 1454 1171 1630 1570 1770 1505 1616 1233 1905 1128 1892 1203 1588 1104 1619 1321 1365 1876 1436 1807 1254 1863 1080 1350 1775 1469 1772 1474 1745 1706 1378 1437 1520 1740 1760 1161 1859 1883 1120 1924 1711 1560 1065 1843 1612 BCNSPRNW ULIB Ver.6.0+V

เปลี่ยนเป็นภาษาไทย

Change to English
 แสดงรายละเอียดบรรณานุกรม
  กลับหน้าหลัก

Brief Record : Get Marc (ISO 2709) : E-mail record : QR code < ปิดหน้าต่าง
LEADER : 00000nam 2200000uu 4500
001    13399128437
003     ULIB
008    020711s2022 th a 000 0 eng d
020    ^a9781119871545
060    ^aWY100^bB789C
100    ^aBoyd, Claire
245    ^aClinical skills for nurses
250    ^a2nd ed
260    ^aHoboken, NJ :^bWiley Blackwell,^c2022
300    330 pages;^c19 cm
650    ^aNursing
650    ^aHealth and Fitness
945    ^p690^l0^i010197
999    ^aประนอม เกษจรัล
รายการนี้ยังไม่มีแท็ก
คุณยังไม่ได้ล็อกอิน คุณสามารถมีกิจกรรมร่วมกับเว็บไซต์ได้ แต่ต้องล็อกอินก่อน ::
  ล็อกอิน

รายการสื่อสารสนเทศ

ลำดับที่ ประเภท เลขเรียก/บาร์โค้ด สถานที่ สถานะ
1. Book การพยาบาล
หนังสือสำรอง
สถานะ=หนังสือสำรอง
WY100 B789C ฉ.1 
  Barcode: 010197
ห้องสมุดวิทยาเขตสวรรค์ประชารักษ์
►หนังสือทั่วไป
บนชั้น

รายการใกล้เคียง
    หัวเรื่อง [Nursing]

BibComment


ยังไม่เคยถูกคอมเมนท์

คอมเมนท์ทรัพยากรรายการนี้
  คอมเมนท์: Clinical skills ..


 Copyright 2026. Bcnsprnw @Library